书目信息 |
| 题名: |
摄影测量学
|
|
| 作者: | 金为铣 编著 | |
| 分册: | ||
| 出版信息: | 武汉 武汉大学出版社 2001.06 |
|
| 页数: | 273页 | |
| 开本: | 26cm | |
| 丛书名: | ||
| 单 册: | ||
| 中图分类: | P23-43 | |
| 科图分类: | ||
| 主题词: | 摄影测量法 | |
| 电子资源: | ||
| ISBN: | 7-307-03229-5 | |
| 000 | 00536nam0 2200193 45 | |
| 001 | 0234631101 | |
| 005 | 20120330165353.92 | |
| 010 | @a7-307-03229-5@dRMB 23.00 | |
| 100 | @a20020410d2001 km y0chiy0120 ea | |
| 101 | 0 | @achi |
| 102 | @aCN@b420000 | |
| 200 | 1 | @a摄影测量学@Ashe ying ce liang xue@f金为铣等编著@FJin Wei Xi Deng Bian Zhu |
| 210 | @a武汉@c武汉大学出版社@d2001.06 | |
| 215 | @a273页@d26cm | |
| 606 | 0 | @a摄影测量法 |
| 690 | @aP23-43@v3 | |
| 701 | 0 | @a金为铣@AJin Wei Xi@4编著 |
| 801 | 0 | @aCN@c20081017 |
| 905 | @dP23-43@eJ817 | |
| 摄影测量学/金为铣等编著.-武汉:武汉大学出版社,2001.06 |
| 273页;26cm |
| ISBN 7-307-03229-5:RMB 23.00 |
| ● |
| 相关链接 |
|
|
|
正题名:摄影测量学
索取号:P23-43/J817
 
预约/预借
| 序号 | 登录号 | 条形码 | 馆藏地/架位号 | 状态 | 备注 |
| 1 | 357210 | 203572106 | 社科二线400B/400B社科库 32排2列2层/ [索取号:P23-43/J817] | 在馆 | |
| 2 | 357211 | 203572115 | 社科二线400B/400B社科库 32排2列2层/ [索取号:P23-43/J817] | 在馆 | |
| 3 | 357212 | 203572124 | 社科二线400B/400B社科库 2排4列1层/ [索取号:P23-43/J817] | 在馆 | |
| 4 | 357213 | 203572133 | 社科二线400B/400B社科库 32排2列2层/ [索取号:P23-43/J817] | 在馆 | |
| 5 | 357214 | 203572142 | 社科二线400B/400B社科库 1排1列4层/ [索取号:P23-43/J817] | 在馆 | |
| 6 | 454804 | 204548043 | 社科二线400B/400B社科库 4排2列5层/ [索取号:P23-43/J817] | 在馆 | |
| 7 | 454805 | 204548052 | 自科库401/401自科库 123排2列3层/ [索取号:P23-43/J817] | 在馆 | |
| 8 | 454806 | 204548061 | 社科二线400B/400B社科库 4排1列4层/ [索取号:P23-43/J817] | 在馆 | |
| 9 | 454807 | 204548070 | 社科二线400B/400B社科库 4排3列1层/ [索取号:P23-43/J817] | 在馆 | |
| 10 | 454808 | 204548089 | 社科二线400B/400B社科库 4排1列4层/ [索取号:P23-43/J817] | 在馆 | |
| 11 | 484978 | 204849780 | 测绘与城市空间信息学院资料室/ [索取号:P23-43/J817] | 在馆 | |
| 12 | 486315 | 204863157 | 测绘与城市空间信息学院资料室/ [索取号:P23-43/J817] | 在馆 | |
| 13 | 486320 | 204863200 | 测绘与城市空间信息学院资料室/ [索取号:P23-43/J817] | 在馆 | |
| 14 | 509952 | 205099524 | 社科二线400B/400B社科库 32排3列5层/ [索取号:P23-43/J817] | 在馆 | |
| 15 | 509953 | 205099533 | 社科二线400B/400B社科库 32排4列5层/ [索取号:P23-43/J817] | 在馆 | |
| 16 | 509954 | 205099542 | 社科二线400B/400B社科库 1排1列4层/ [索取号:P23-43/J817] | 在馆 | |
| 17 | 509955 | 205099551 | 社科二线400B/400B社科库 32排3列5层/ [索取号:P23-43/J817] | 在馆 | |
| 18 | 509956 | 205099560 | 社科二线400B/400B社科库 32排4列5层/ [索取号:P23-43/J817] | 在馆 | |
| 19 | 57919 | 200579196 | 社科二线400B/400B社科库 1排1列6层/ [索取号:P23-43/J817] | 在馆 | |
| 20 | 57920 | 200579203 | 自科库401/401自科库 131排1列5层/ [索取号:P23-43/J817] | 在馆 | |
| 21 | 57921 | 200579212 | 自科二线504/504自科库 26排1列1层/ [索取号:P23-43/J817] | 在馆 | |
| 22 | 57922 | 200579221 | 社科二线400B/400B社科库 3排2列3层/ [索取号:P23-43/J817] | 在馆 | |
| 23 | 57923 | 200579230 | 社科二线400B/400B社科库 32排3列5层/ [索取号:P23-43/J817] | 在馆 | |
| 24 | 57924 | 200579249 | 社科二线400B/400B社科库 3排2列3层/ [索取号:P23-43/J817] | 在馆 | |
| 25 | 57925 | 200579258 | 社科二线400B/400B社科库 32排4列5层/ [索取号:P23-43/J817] | 在馆 |